| 000 | 01032nam a22002177a 4500 | ||
|---|---|---|---|
| 003 | OSt | ||
| 005 | 20260310022943.0 | ||
| 008 | 260310b |||||||| |||| 00| 0 eng d | ||
| 040 |
_aDWCL GS lib _cOC |
||
| 082 | _2J25a 1980 | ||
| 100 | _aJAKES, JOHN | ||
| 245 |
_aThe Americans _b the kent family chronicles, volume III _c JOHN JAKES |
||
| 260 |
_aNew York _bJove Books _c1980 |
||
| 300 |
_avii, 796 pages: _billustrations _c17 cm. |
||
| 504 | _aJakes, J. (1975). The Seekers. Garden City, NY: Doubleday, John Jakes. The Seekers. Doubleday, 1975, John Jakes. 1975. The Seekers. Garden City, NY: Doubleday. | ||
| 520 | _aThe Seekers is Volume III of The Kent Family Chronicles by John Jakes. It continues the story of the Kent family after the American Revolution and follows the life of Abraham Kent, the son of Philip Kent. | ||
| 546 | _aEnglish | ||
| 650 | _2Courage and Determination, Responsibility to Family | ||
| 650 | _2Responsibility for One’s Actions, Perseverance During Hard Times | ||
| 942 |
_2ddc _cFIC. _hFic. _n0 |
||
| 999 |
_c8818 _d8818 |
||